[Event "2. Bundesliga Mitte 2016/2017"]
[Site "Leoben, Wolfsberg/Taufkirchen/Fuerstenfeld, Grieskirchen, St. Veit"]
[Date "2017.01.27"]
[Round "6"]
[Board "1"]
[White "Fahrner, Kurt"]
[Black "Renner, Christoph"]
[Result "1/2-1/2"]
[WhiteElo "2276"]
[BlackElo "2343"]
[PlyCount "76"]
[EventDate "2016.10.07"]
[EventType "team"]
[EventRounds "11"]
[EventCountry "AUT"]
[WhiteTeam "ESV Austria Graz"]
[BlackTeam "SPG Sauwald"]

1. c4 e5 2. g3 Nc6 3. Bg2 f5 4. Nc3 Nf6 5. d3 Bb4 6. Bd2 O-O 7. Nf3 d6 8. O-O
a5 9. Nd5 Bxd2 10. Qxd2 h6 11. Ne1 Be6 12. Nc2 Qd7 13. f4 Rae8 14. Rae1 e4 15.
Nce3 exd3 16. exd3 Ng4 17. Qc3 Kh8 18. Nxg4 fxg4 19. Be4 b6 20. Ne3 Ne7 21. f5
Nxf5 22. Nxf5 Bxf5 23. Bxf5 Rxe1 24. Qxe1 Rxf5 25. Qe4 Rxf1+ 26. Kxf1 Qf7+ 27.
Ke2 h5 28. Kd2 g6 29. Kc3 Kg7 30. Qc6 Qe7 31. Kb3 Kh6 32. Qa8 Qf6 33. Qc8 c5
34. Qb8 Qd4 35. Qf8+ Kg5 36. Qd8+ Kf5 37. Qd7+ Kf6 38. Qd8+ Kg7 1/2-1/2

[Event "2. Bundesliga Mitte 2016/2017"]
[Site "Leoben, Wolfsberg/Taufkirchen/Fuerstenfeld, Grieskirchen, St. Veit"]
[Date "2017.01.27"]
[Round "6"]
[Board "2"]
[White "Testor, Sebastian"]
[Black "Karner, Christoph"]
[Result "1/2-1/2"]
[WhiteElo "2303"]
[BlackElo "2283"]
[PlyCount "113"]
[EventDate "2016.10.07"]
[EventType "team"]
[EventRounds "11"]
[EventCountry "AUT"]
[WhiteTeam "SPG Sauwald"]
[BlackTeam "ESV Austria Graz"]

1. d4 Nf6 2. c4 e6 3. Nf3 Bb4+ 4. Nbd2 b6 5. a3 Bxd2+ 6. Qxd2 Bb7 7. e3 d6 8.
Be2 Nbd7 9. O-O Ne4 10. Qc2 O-O 11. b4 f5 12. d5 e5 13. Nd2 Nxd2 14. Bxd2 Qh4
15. f3 f4 16. Bd3 Rf6 17. Bf5 Nf8 18. exf4 exf4 19. Rae1 Qg5 20. Bd3 Ng6 21.
Re2 Raf8 22. Bc3 R6f7 23. Rfe1 Bc8 24. Bxg6 Qxg6 25. Qxg6 hxg6 26. h4 Bf5 27.
Rd1 Kh7 28. Rd4 Bd7 29. Bd2 g5 30. hxg5 Kg6 31. Ree4 Kxg5 32. Kf2 Kh5 33. Rxf4
Rxf4 34. Bxf4 g5 35. g4+ Bxg4 36. Be3 Rxf3+ 37. Ke2 Rh3+ 38. Kd2 Bf5 39. Ke2
Rh1 40. a4 Ra1 41. a5 bxa5 42. b5 Rb1 43. Rd2 Rb4 44. Bxa7 Rxc4 45. Rd4 Rxd4
46. Bxd4 Be4 47. b6 Bxd5 48. bxc7 Bb7 49. Kd3 d5 50. Bc3 a4 51. Kd4 g4 52. c8=Q
Bxc8 53. Kxd5 Be6+ 54. Kc5 a3 55. Kb4 a2 56. Ka3 g3 57. Kb2 1/2-1/2

[Event "2. Bundesliga Mitte 2016/2017"]
[Site "Leoben, Wolfsberg/Taufkirchen/Fuerstenfeld, Grieskirchen, St. Veit"]
[Date "2017.01.27"]
[Round "6"]
[Board "3"]
[White "Kotz, Heinz Peter"]
[Black "Hellmayr, Alois"]
[Result "0-1"]
[WhiteElo "2267"]
[BlackElo "2202"]
[PlyCount "70"]
[EventDate "2016.10.07"]
[EventType "team"]
[EventRounds "11"]
[EventCountry "AUT"]
[WhiteTeam "ESV Austria Graz"]
[BlackTeam "SPG Sauwald"]

1. e4 c5 2. Nf3 e6 3. d4 cxd4 4. Nxd4 a6 5. Nc3 Nc6 6. Nxc6 bxc6 7. Bd3 d6 8.
O-O Nf6 9. f4 e5 10. Qf3 Qc7 11. Kh1 Be7 12. Bd2 O-O 13. f5 h6 14. h4 Nh7 15.
Qg4 Kh8 16. Rf3 Qd8 17. Rh3 Rb8 18. b3 d5 19. Re1 Bf6 20. Qh5 g6 21. Qe2 gxf5
22. Bxh6 fxe4 23. Nxe4 Bxh3 24. gxh3 dxe4 25. Bxe4 Rg8 26. Qh5 Rg6 27. Rd1 Qg8
28. Rf1 Rb4 29. c4 c5 30. Bd2 Rb8 31. Bc3 Re8 32. Kh2 Qg7 33. Qf3 Rg8 34. h5
Rg3 35. h6 Qxh6 0-1

[Event "2. Bundesliga Mitte 2016/2017"]
[Site "Leoben, Wolfsberg/Taufkirchen/Fuerstenfeld, Grieskirchen, St. Veit"]
[Date "2017.01.27"]
[Round "6"]
[Board "4"]
[White "Hiermann, Dietmar"]
[Black "Spindelboeck, Gernot"]
[Result "0-1"]
[WhiteElo "2238"]
[BlackElo "2296"]
[PlyCount "60"]
[EventDate "2016.10.07"]
[EventType "team"]
[EventRounds "11"]
[EventCountry "AUT"]
[WhiteTeam "SPG Sauwald"]
[BlackTeam "ESV Austria Graz"]

1. e4 e6 2. d4 d5 3. Nc3 Nf6 4. e5 Nfd7 5. f4 c5 6. Nf3 Nc6 7. Be3 cxd4 8. Nxd4
Bc5 9. Qd2 O-O 10. O-O-O a6 11. h4 Bxd4 12. Bxd4 b5 13. Rh3 b4 14. Na4 Qa5 15.
b3 Qc7 16. Bb2 a5 17. Bb5 Ba6 18. Bxc6 Qxc6 19. f5 Rac8 20. Rg3 Kh8 21. Kb1 Bb5
22. Rc1 Bxa4 23. bxa4 Rg8 24. h5 Nc5 25. Qf4 Ne4 26. Rh3 Qxa4 27. h6 g6 28.
fxe6 fxe6 29. Re3 b3 30. Rxe4 Qxa2# 0-1

[Event "2. Bundesliga Mitte 2016/2017"]
[Site "Leoben, Wolfsberg/Taufkirchen/Fuerstenfeld, Grieskirchen, St. Veit"]
[Date "2017.01.27"]
[Round "6"]
[Board "6"]
[White "Wisnet, Dominic"]
[Black "Aschenbrenner, Robert"]
[Result "1-0"]
[WhiteElo "2278"]
[BlackElo "2201"]
[PlyCount "125"]
[EventDate "2016.10.07"]
[EventType "team"]
[EventRounds "11"]
[EventCountry "AUT"]
[WhiteTeam "SPG Sauwald"]
[BlackTeam "ESV Austria Graz"]

1. Nf3 Nf6 2. g3 b6 3. Bg2 Bb7 4. O-O g6 5. c4 Bg7 6. d4 O-O 7. Nc3 Ne4 8. Bd2
d6 9. Be1 Nd7 10. Qc2 Nxc3 11. Bxc3 Nf6 12. d5 c5 13. Rfe1 b5 14. cxb5 Nxd5 15.
Bxg7 Kxg7 16. e4 Nc7 17. a4 e5 18. b4 cxb4 19. Red1 Qe7 20. Qd2 d5 21. Qb2 d4
22. Rac1 f6 23. Nd2 Ne6 24. Rc4 Rac8 25. Qxb4 Qxb4 26. Rxb4 Rc3 27. a5 Rfc8 28.
Bh3 Rc1 29. Rb1 Rxd1+ 30. Rxd1 Kf7 31. f3 Rc2 32. Bxe6+ Kxe6 33. a6 Bc8 34. Nb3
Rc3 35. Na5 Kd6 36. b6 Bxa6 37. bxa7 Rc8 38. Rb1 d3 39. Kf2 d2 40. Ke3 Ra8 41.
Kxd2 Kc5 42. Rc1+ Kb6 43. Nc6 Bb7 44. Nb8 Kxa7 45. Nd7 Rd8 46. Rc7 Ka8 47. Ke3
Ba6 48. g4 Bb5 49. Nxf6 Rd3+ 50. Kf2 Rd2+ 51. Kg3 h6 52. Rc1 Be2 53. Re1 Kb7
54. h4 Kc6 55. Ng8 h5 56. Ne7+ Kd6 57. Nxg6 hxg4 58. Kxg4 Ke6 59. h5 Kf6 60.
Rc1 Bb5 61. Nxe5 Rg2+ 62. Kf4 Rh2 63. Ng4+ 1-0

[Event "2. Bundesliga Mitte 2016/2017"]
[Site "Leoben, Wolfsberg/Taufkirchen/Fuerstenfeld, Grieskirchen, St. Veit"]
[Date "2017.01.27"]
[Round "6"]
[Board "1"]
[White "Huber, Martin Christian"]
[Black "Pilaj, Herwig"]
[Result "1-0"]
[WhiteElo "2412"]
[BlackElo "2390"]
[PlyCount "81"]
[EventDate "2016.10.07"]
[EventType "team"]
[EventRounds "11"]
[EventCountry "AUT"]
[WhiteTeam "Schachfreunde Graz"]
[BlackTeam "SC DieKlagenfurter"]

1. d4 g6 2. e4 Bg7 3. Nf3 d6 4. Bd3 e5 5. dxe5 dxe5 6. O-O Nd7 7. Be3 Ngf6 8.
c3 O-O 9. Na3 Qe7 10. Bc2 Nc5 11. Qb1 a5 12. Nc4 Ng4 13. Bg5 Qe6 14. Nfd2 h6
15. Bh4 b5 16. Nxa5 Rxa5 17. b4 Nxe4 18. Nxe4 Ra7 19. h3 g5 20. Bg3 Nf6 21. Nc5
Qe7 22. Re1 Nd5 23. Qb3 Nf4 24. Be4 Kh8 25. Bc6 f5 26. f3 Qd6 27. Bxb5 e4 28.
Bf2 exf3 29. Rad1 Qg6 30. Nd7 Bxd7 31. Rxd7 fxg2 32. Ree7 Qh5 33. Rxg7 Nxh3+
34. Kxg2 Nf4+ 35. Kg1 Qg4+ 36. Kf1 Qg2+ 37. Ke1 Re8+ 38. Rge7 Rxe7+ 39. Rxe7
Qh1+ 40. Kd2 Nd5 41. Re8+ 1-0

[Event "2. Bundesliga Mitte 2016/2017"]
[Site "Leoben, Wolfsberg/Taufkirchen/Fuerstenfeld, Grieskirchen, St. Veit"]
[Date "2017.01.27"]
[Round "6"]
[Board "2"]
[White "Wertjanz, David"]
[Black "Schnider, Gert"]
[Result "0-1"]
[WhiteElo "2298"]
[BlackElo "2404"]
[PlyCount "118"]
[EventDate "2016.10.07"]
[EventType "team"]
[EventRounds "11"]
[EventCountry "AUT"]
[WhiteTeam "SC DieKlagenfurter"]
[BlackTeam "Schachfreunde Graz"]

1. Nf3 d5 2. g3 Nf6 3. Bg2 c6 4. O-O Bf5 5. c4 e6 6. cxd5 exd5 7. d3 Be7 8. Be3
O-O 9. Qb3 Qc8 10. Nc3 Na6 11. Rac1 Re8 12. Nb5 Ng4 13. Bd4 Qd7 14. h3 Nf6 15.
Ne5 Qd8 16. Na3 Qb8 17. f4 Bd6 18. e3 Nd7 19. e4 Ndc5 20. Qc2 Be6 21. exd5 Bxd5
22. Bxd5 cxd5 23. Nb5 Ne6 24. Bc3 Qd8 25. Nxd6 Qxd6 26. d4 f6 27. Nf3 g5 28.
Nh2 gxf4 29. Ng4 Rf8 30. gxf4 Kh8 31. Kh1 Rac8 32. Qd3 Rc6 33. Qg3 Ng7 34. Rce1
Nf5 35. Qd3 Qd7 36. Qf3 Nc7 37. Re2 Nb5 38. Qd3 Nbd6 39. Bb4 Rf7 40. Bxd6 Nxd6
41. Rg2 Ne4 42. Rfg1 Rg7 43. Qa3 Qc8 44. Nh6 Rcc7 45. Qf3 Rc2 46. Rxg7 Nf2+ 47.
Kh2 Ng4+ 48. Kg3 Nxh6 49. Rxh7+ Kxh7 50. Qxd5 Qg8+ 51. Qxg8+ Kxg8 52. b3 Kf7
53. Kf3 b6 54. d5 Rxa2 55. Rc1 Nf5 56. Rc7+ Kg6 57. b4 Ra3+ 58. Ke2 Nd4+ 59.
Kd2 Nb5 0-1

[Event "2. Bundesliga Mitte 2016/2017"]
[Site "Leoben, Wolfsberg/Taufkirchen/Fuerstenfeld, Grieskirchen, St. Veit"]
[Date "2017.01.27"]
[Round "6"]
[Board "3"]
[White "Kravanja, Georg"]
[Black "Genser, Harald"]
[Result "1/2-1/2"]
[WhiteElo "2246"]
[BlackElo "2304"]
[PlyCount "65"]
[EventDate "2016.10.07"]
[EventType "team"]
[EventRounds "11"]
[EventCountry "AUT"]
[WhiteTeam "Schachfreunde Graz"]
[BlackTeam "SC DieKlagenfurter"]

1. d4 d5 2. c4 e6 3. Nf3 Nf6 4. g3 Bb4+ 5. Bd2 Be7 6. Bg2 O-O 7. O-O c6 8. Qc2
b6 9. Bf4 Ba6 10. Nbd2 Nbd7 11. e4 Nxe4 12. Nxe4 dxe4 13. Ne5 Nxe5 14. dxe5 Qd3
15. Rac1 Qxc2 16. Rxc2 Rad8 17. Be3 c5 18. Bxe4 Rd7 19. Bc6 Rc7 20. Bf3 Rd8 21.
b3 Bb7 22. Kg2 h6 23. Re1 Rcd7 24. Ree2 Kf8 25. Red2 Rxd2 26. Rxd2 Rxd2 27.
Bxd2 Bxf3+ 28. Kxf3 Ke8 29. Ke4 Kd7 30. g4 Bh4 31. Be3 Kc6 32. h3 Be7 33. Kd3
 1/2-1/2

[Event "2. Bundesliga Mitte 2016/2017"]
[Site "Leoben, Wolfsberg/Taufkirchen/Fuerstenfeld, Grieskirchen, St. Veit"]
[Date "2017.01.27"]
[Round "6"]
[Board "4"]
[White "Petschar, Kurt"]
[Black "Domarkaite, Laima"]
[Result "1-0"]
[WhiteElo "2288"]
[BlackElo "2123"]
[PlyCount "135"]
[EventDate "2016.10.07"]
[EventType "team"]
[EventRounds "11"]
[EventCountry "AUT"]
[WhiteTeam "SC DieKlagenfurter"]
[BlackTeam "Schachfreunde Graz"]

1. e4 c5 2. Nf3 d6 3. Bc4 e6 4. O-O Be7 5. Re1 Nf6 6. Bb3 O-O 7. c3 Qc7 8. d4
c4 9. Bc2 e5 10. h3 b5 11. Nbd2 a5 12. Nf1 Re8 13. Ne3 Bf8 14. Bd2 a4 15. a3
Bb7 16. Nf5 exd4 17. N3xd4 Qd7 18. Qf3 Nc6 19. Nxc6 Bxc6 20. Bg5 Re6 21. Nd4
Rae8 22. Nxe6 Rxe6 23. Re3 Qe8 24. Rae1 Nd7 25. Qe2 f6 26. Bh4 Nc5 27. Bg3 h5
28. f4 Qf7 29. Rd1 Nb7 30. Kh2 Qe8 31. Rf1 Nc5 32. e5 f5 33. Re1 Ne4 34. Bxe4
Bxe4 35. Rxe4 fxe4 36. Qxe4 dxe5 37. fxe5 Qe7 38. Qd5 Qe8 39. Rf1 Qe7 40. Rf5
Qe8 41. Rxh5 g6 42. Rh4 Bg7 43. Rd4 Bh6 44. Bf4 Bg7 45. Qd8 Bxe5 46. Bxe5 Rxe5
47. Qxe8+ Rxe8 48. Rd5 b4 49. axb4 Re2 50. Rd4 Rxb2 51. Rxc4 a3 52. Rc5 Rb3 53.
b5 Kg7 54. Rc7+ Kf6 55. c4 Ke5 56. Rd7 Rb4 57. Ra7 Rb3 58. b6 Kd4 59. b7 Kxc4
60. Rxa3 Rxb7 61. Re3 Kd5 62. Kg3 Rb4 63. Kf3 Ra4 64. g3 Rb4 65. h4 Ra4 66. Re8
Rb4 67. Rg8 Rb6 68. Kg4 1-0

[Event "2. Bundesliga Mitte 2016/2017"]
[Site "Leoben, Wolfsberg/Taufkirchen/Fuerstenfeld, Grieskirchen, St. Veit"]
[Date "2017.01.27"]
[Round "6"]
[Board "5"]
[White "Teuschler, Barbara"]
[Black "Titz, Heimo"]
[Result "1/2-1/2"]
[WhiteElo "2212"]
[BlackElo "2172"]
[PlyCount "109"]
[EventDate "2016.10.07"]
[EventType "team"]
[EventRounds "11"]
[EventCountry "AUT"]
[WhiteTeam "Schachfreunde Graz"]
[BlackTeam "SC DieKlagenfurter"]

1. e4 c5 2. Nf3 Nc6 3. d4 cxd4 4. Nxd4 Nf6 5. Nc3 d6 6. Bg5 e6 7. Qd2 a6 8.
O-O-O Bd7 9. f3 h6 10. Be3 Be7 11. Kb1 Nxd4 12. Bxd4 e5 13. Bf2 Be6 14. Bh4 Qa5
15. Bxf6 Bxf6 16. Nd5 Qxd2 17. Rxd2 Bg5 18. Rd3 Rc8 19. Be2 Bxd5 20. Rxd5 Ke7
21. Rhd1 Rhd8 22. R1d3 g6 23. b4 h5 24. b5 axb5 25. Rxb5 Rc7 26. Rdb3 Rdd7 27.
Rb6 Bd2 28. Kb2 Ba5 29. R6b5 b6 30. Rd5 Rd8 31. a3 Rcc8 32. c4 Rc6 33. Ka2 Be1
34. Rb1 Bf2 35. a4 Bc5 36. Kb3 Ra8 37. Ra1 Rc7 38. Ra2 Rca7 39. Rd1 f5 40. Bd3
Kf6 41. Rf1 Re8 42. Re2 f4 43. Ra2 g5 44. Be2 Ke6 45. h3 Kd7 46. Rd1 Kc6 47.
Rf1 Rea8 48. Rd1 Bd4 49. Rf1 Bc5 50. Rd1 Rg8 51. Rh1 Rag7 52. Rc2 Bd4 53. Ra2
Kc5 54. Rc2 Ra8 55. Ra2 1/2-1/2

[Event "2. Bundesliga Mitte 2016/2017"]
[Site "Leoben, Wolfsberg/Taufkirchen/Fuerstenfeld, Grieskirchen, St. Veit"]
[Date "2017.01.27"]
[Round "6"]
[Board "6"]
[White "Jakits, Leopold"]
[Black "Khalakhan, Jurij"]
[Result "1-0"]
[WhiteElo "2135"]
[BlackElo "2254"]
[PlyCount "93"]
[EventDate "2016.10.07"]
[EventType "team"]
[EventRounds "11"]
[EventCountry "AUT"]
[WhiteTeam "SC DieKlagenfurter"]
[BlackTeam "Schachfreunde Graz"]

1. c4 Nf6 2. g3 g6 3. Bg2 Bg7 4. Nc3 O-O 5. Nf3 d6 6. O-O Nc6 7. d4 a6 8. h3
Bd7 9. e4 e5 10. Be3 exd4 11. Nxd4 Re8 12. Rc1 Qc8 13. Kh2 Ne5 14. Qe2 c5 15.
Nf3 Nxf3+ 16. Qxf3 Bc6 17. Qf4 Re5 18. Nd5 Bxd5 19. exd5 Qd7 20. Qf3 b5 21. b4
cxb4 22. Bd4 Rf5 23. Qb3 bxc4 24. Qxb4 Rc8 25. Bxf6 Bxf6 26. Rxc4 Rxc4 27. Qxc4
Qa7 28. f4 Bd4 29. Be4 Rf6 30. Kg2 h6 31. Rb1 Bc5 32. Qb3 Qe7 33. Qd3 g5 34.
Kf3 gxf4 35. gxf4 Qe5 36. Qd2 Qd4 37. Rb8+ Kg7 38. Qg2+ Rg6 39. Bxg6 Qe3+ 40.
Kg4 fxg6 41. Qb2+ Kf7 42. Qb7+ Qe7 43. Qxe7+ Kxe7 44. Ra8 Kf6 45. Rxa6 h5+ 46.
Kf3 g5 47. Ra8 1-0

[Event "2. Bundesliga Mitte 2016/2017"]
[Site "Leoben, Wolfsberg/Taufkirchen/Fuerstenfeld, Grieskirchen, St. Veit"]
[Date "2017.01.27"]
[Round "6"]
[Board "1"]
[White "Schenk, Andreas"]
[Black "Nemeth, Miklos"]
[Result "1/2-1/2"]
[WhiteElo "2457"]
[BlackElo "2452"]
[PlyCount "60"]
[EventDate "2016.10.07"]
[EventType "team"]
[EventRounds "11"]
[EventCountry "AUT"]
[WhiteTeam "SPG Spk. Fuerstenfeld/Hartberg"]
[BlackTeam "Leoben"]

1. Nf3 Nf6 2. d4 e6 3. c4 b6 4. g3 Bb7 5. Bg2 Bb4+ 6. Bd2 a5 7. O-O O-O 8. Bf4
Be7 9. Nc3 Ne4 10. Nxe4 Bxe4 11. Ne1 Bxg2 12. Kxg2 d6 13. e4 Qc8 14. Nf3 Qb7
15. Qe2 Nd7 16. Rad1 Rfe8 17. Rfe1 Rad8 18. Kg1 Bf6 19. Bg5 Bxg5 20. Nxg5 h6
21. Nf3 e5 22. Qc2 exd4 23. Nxd4 Nc5 24. f3 Ne6 25. Nf5 b5 26. cxb5 Qxb5 27.
Nd4 Qb6 28. Qf2 Rb8 29. Re2 Nc5 30. Rdd2 Qa6 1/2-1/2

[Event "2. Bundesliga Mitte 2016/2017"]
[Site "Leoben, Wolfsberg/Taufkirchen/Fuerstenfeld, Grieskirchen, St. Veit"]
[Date "2017.01.27"]
[Round "6"]
[Board "2"]
[White "Baumegger, Siegfried"]
[Black "Poetz, Florian"]
[Result "1/2-1/2"]
[WhiteElo "2444"]
[BlackElo "2385"]
[PlyCount "77"]
[EventDate "2016.10.07"]
[EventType "team"]
[EventRounds "11"]
[EventCountry "AUT"]
[WhiteTeam "Leoben"]
[BlackTeam "SPG Spk. Fuerstenfeld/Hartberg"]

1. d4 Nf6 2. c4 e6 3. Nf3 Bb4+ 4. Bd2 c5 5. Bxb4 cxb4 6. e3 O-O 7. Be2 d6 8.
O-O Nc6 9. a3 Re8 10. axb4 Nxb4 11. Nc3 Bd7 12. Ne1 a5 13. Nd3 Nxd3 14. Qxd3
Bc6 15. Ra3 b6 16. Rfa1 Rc8 17. e4 Bb7 18. Qe3 Ba6 19. Ra4 Nd7 20. Rc1 h6 21.
Nb5 Qe7 22. Raa1 e5 23. f3 Bxb5 24. cxb5 exd4 25. Qxd4 Rc5 26. Rxc5 dxc5 27.
Qd2 Nf8 28. Bc4 Rd8 29. Qe3 Ne6 30. Rf1 Rd4 31. Bd5 Nc7 32. Bc6 Rd8 33. e5 Nd5
34. Qe4 Nb4 35. f4 Rd4 36. Qe3 Rd3 37. Qe4 Rd4 38. Qe3 Rd3 39. Qe4 1/2-1/2

[Event "2. Bundesliga Mitte 2016/2017"]
[Site "Leoben, Wolfsberg/Taufkirchen/Fuerstenfeld, Grieskirchen, St. Veit"]
[Date "2017.01.27"]
[Round "6"]
[Board "3"]
[White "Kuba, Guenter"]
[Black "Dietmayer-Kraeutler, Marco"]
[Result "1/2-1/2"]
[WhiteElo "2329"]
[BlackElo "2244"]
[PlyCount "59"]
[EventDate "2016.10.07"]
[EventType "team"]
[EventRounds "11"]
[EventCountry "AUT"]
[WhiteTeam "SPG Spk. Fuerstenfeld/Hartberg"]
[BlackTeam "Leoben"]

1. e4 e5 2. Nf3 Nc6 3. Bc4 Bc5 4. O-O Nf6 5. d3 d6 6. c3 O-O 7. a4 a6 8. Nbd2
Qe7 9. b4 Ba7 10. Nb3 Be6 11. Bxe6 Qxe6 12. b5 Ne7 13. c4 Nd7 14. Be3 Bxe3 15.
fxe3 f5 16. Nfd2 Qh6 17. Qe2 b6 18. exf5 Nxf5 19. Rf3 axb5 20. axb5 Rxa1+ 21.
Nxa1 Nc5 22. Nc2 Qe6 23. Qf1 Rf7 24. e4 Nd4 25. Rxf7 Qxf7 26. Qxf7+ Kxf7 27.
Ne1 g5 28. Kf2 h5 29. Ndf3 Nde6 30. g3 1/2-1/2

[Event "2. Bundesliga Mitte 2016/2017"]
[Site "Leoben, Wolfsberg/Taufkirchen/Fuerstenfeld, Grieskirchen, St. Veit"]
[Date "2017.01.27"]
[Round "6"]
[Board "4"]
[White "Sandner, Wolfgang"]
[Black "Kiss, Attila"]
[Result "0-1"]
[WhiteElo "2256"]
[BlackElo "2366"]
[PlyCount "82"]
[EventDate "2016.10.07"]
[EventType "team"]
[EventRounds "11"]
[EventCountry "AUT"]
[WhiteTeam "Leoben"]
[BlackTeam "SPG Spk. Fuerstenfeld/Hartberg"]

1. e4 c5 2. Nf3 Nc6 3. Bb5 g6 4. c3 a6 5. Ba4 b5 6. Bc2 Bg7 7. O-O d5 8. d3 Bb7
9. Qe2 d4 10. cxd4 cxd4 11. Bd2 Nf6 12. Na3 O-O 13. Rac1 Qb6 14. h3 Rac8 15.
Nh2 Rfe8 16. Ng4 Nxg4 17. Qxg4 a5 18. h4 Ba6 19. b3 Nb4 20. Bb1 Qd6 21. Rxc8
Rxc8 22. Bc1 Rc5 23. Qe2 e5 24. Qd2 Qf8 25. g3 h5 26. Kg2 Kh7 27. f4 Bh6 28.
Qf2 Rc3 29. Qe2 Kg8 30. Bb2 exf4 31. gxf4 Qd6 32. Qf3 Rc7 33. Kg1 Nc6 34. Nc2
b4 35. e5 Qd7 36. Ne1 Bg7 37. Qg3 Ne7 38. e6 Qxe6 39. Nf3 Nf5 40. Nxd4 Nxg3 41.
Nxe6 fxe6 0-1

[Event "2. Bundesliga Mitte 2016/2017"]
[Site "Leoben, Wolfsberg/Taufkirchen/Fuerstenfeld, Grieskirchen, St. Veit"]
[Date "2017.01.27"]
[Round "6"]
[Board "5"]
[White "Csonka, Attila"]
[Black "Schein, Karl-Heinz"]
[Result "1-0"]
[WhiteElo "2346"]
[BlackElo "2186"]
[PlyCount "109"]
[EventDate "2016.10.07"]
[EventType "team"]
[EventRounds "11"]
[EventCountry "AUT"]
[WhiteTeam "SPG Spk. Fuerstenfeld/Hartberg"]
[BlackTeam "Leoben"]

1. e4 e6 2. d4 d5 3. Nd2 a6 4. Ngf3 c5 5. exd5 exd5 6. dxc5 Bxc5 7. Nb3 Ba7 8.
Be2 Ne7 9. O-O O-O 10. Bg5 Nbc6 11. Qd2 Bf5 12. c3 Be4 13. Rad1 Qd6 14. Qf4 Qe6
15. Bxe7 Qxe7 16. Rfe1 Rad8 17. Nbd4 Nxd4 18. Nxd4 Bb8 19. Qg4 f5 20. Qh3 Rd6
21. Bf3 Qd7 22. g3 Rh6 23. Qf1 f4 24. Qg2 Bxf3 25. Nxf3 fxg3 26. fxg3 Qb5 27.
Nd4 Ba7 28. Re5 Rhf6 29. Qxd5+ Qxd5 30. Rxd5 Rf2 31. Re1 Rxb2 32. Re7 Rf7 33.
Rd8+ Rf8 34. Rdd7 Rc8 35. Rxg7+ Kh8 36. Rxh7+ Kg8 37. Rdg7+ Kf8 38. Rc7 Rxc7
39. Rxc7 Bxd4+ 40. cxd4 b5 41. a3 Rb3 42. Kg2 Rxa3 43. h4 a5 44. h5 a4 45. h6
Kg8 46. Rg7+ Kh8 47. Rb7 Rd3 48. g4 Rxd4 49. g5 Rd6 50. Kg3 Ra6 51. Rb8+ Kh7
52. Kg4 a3 53. Kh5 b4 54. g6+ Rxg6 55. Rb7+ 1-0

[Event "2. Bundesliga Mitte 2016/2017"]
[Site "Leoben, Wolfsberg/Taufkirchen/Fuerstenfeld, Grieskirchen, St. Veit"]
[Date "2017.01.27"]
[Round "6"]
[Board "6"]
[White "Bachler, Reinhard"]
[Black "Stradner, Stefan"]
[Result "1/2-1/2"]
[WhiteElo "2182"]
[BlackElo "2168"]
[PlyCount "105"]
[EventDate "2016.10.07"]
[EventType "team"]
[EventRounds "11"]
[EventCountry "AUT"]
[WhiteTeam "Leoben"]
[BlackTeam "SPG Spk. Fuerstenfeld/Hartberg"]

1. f4 g6 2. g3 Bg7 3. Bg2 c5 4. Nh3 e6 5. O-O Ne7 6. d3 O-O 7. e4 Nbc6 8. c3 d6
9. Nd2 Rb8 10. Nf3 b5 11. Qe2 Qd7 12. Nf2 b4 13. c4 a5 14. g4 f5 15. Bh3 Bb7
16. Be3 Rbe8 17. Rad1 Nd4 18. Nxd4 cxd4 19. Bd2 d5 20. cxd5 exd5 21. gxf5 Nxf5
22. e5 Qe7 23. Rc1 Qh4 24. Rc7 Bc8 25. Bg2 Ne3 26. Bxe3 dxe3 27. Bxd5+ Kh8 28.
Qxe3 Qxf4 29. Qxf4 Rxf4 30. e6 Bxe6 31. Bxe6 Rxe6 32. Rc8+ Rf8 33. Rxf8+ Bxf8
34. Ne4 Bg7 35. b3 Bd4+ 36. Kg2 Rc6 37. Rf8+ Kg7 38. Rd8 Rc2+ 39. Kf3 Bg1 40.
h4 Rxa2 41. Rd7+ Kf8 42. Rxh7 Rb2 43. h5 gxh5 44. Rxh5 Rxb3 45. Rxa5 Rxd3+ 46.
Kf4 b3 47. Rb5 Bd4 48. Nc5 Bxc5 49. Rxc5 Ke7 50. Ke4 Rd2 51. Rb5 b2 52. Ke3 Rd5
53. Rxb2 1/2-1/2

[Event "2. Bundesliga Mitte 2016/2017"]
[Site "Leoben, Wolfsberg/Taufkirchen/Fuerstenfeld, Grieskirchen, St. Veit"]
[Date "2017.01.27"]
[Round "6"]
[Board "1"]
[White "Schachinger, Mario"]
[Black "Weiss, Christian"]
[Result "1/2-1/2"]
[WhiteElo "2425"]
[BlackElo "2360"]
[PlyCount "81"]
[EventDate "2016.10.07"]
[EventType "team"]
[EventRounds "11"]
[EventCountry "AUT"]
[WhiteTeam "SC MPOE Maria Saal 2"]
[BlackTeam "Union Ansfelden"]

1. e4 c5 2. Nf3 e6 3. d4 cxd4 4. Nxd4 a6 5. Bd3 Nc6 6. Nxc6 dxc6 7. O-O e5 8.
f4 Nf6 9. f5 Bc5+ 10. Kh1 b5 11. Qe2 Bb7 12. Nd2 h6 13. a4 Nd7 14. Nb3 Bb6 15.
Bd2 O-O 16. axb5 cxb5 17. Na5 Bxa5 18. Bxa5 Qf6 19. c3 Rfc8 20. Rad1 Qh4 21.
Qe1 Qxe1 22. Rfxe1 Nc5 23. Bc2 Bc6 24. Kg1 f6 25. Kf2 Be8 26. Ra1 Bf7 27. Ra3
Rab8 28. Bb4 Rc6 29. Ke3 Rd8 30. Rd1 Rxd1 31. Bxd1 Nb7 32. Be2 h5 33. h4 Kh7
34. Ra1 Nd6 35. Rd1 Nc4+ 36. Bxc4 Bxc4 37. Rd7 Kg8 38. Rd8+ Kh7 39. Rd7 Kg8 40.
Rd8+ Kh7 41. Rd6 1/2-1/2

[Event "2. Bundesliga Mitte 2016/2017"]
[Site "Leoben, Wolfsberg/Taufkirchen/Fuerstenfeld, Grieskirchen, St. Veit"]
[Date "2017.01.27"]
[Round "6"]
[Board "2"]
[White "Felsberger, Alfred"]
[Black "Handler, Lukas"]
[Result "1/2-1/2"]
[WhiteElo "2339"]
[BlackElo "2377"]
[PlyCount "83"]
[EventDate "2016.10.07"]
[EventType "team"]
[EventRounds "11"]
[EventCountry "AUT"]
[WhiteTeam "Union Ansfelden"]
[BlackTeam "SC MPOE Maria Saal 2"]

1. e4 e5 2. Nf3 Nc6 3. Bc4 Bc5 4. O-O Nf6 5. d3 O-O 6. Nbd2 h6 7. h3 Re8 8. Re1
a6 9. c3 d6 10. Bb3 Be6 11. Bxe6 Rxe6 12. Nf1 Ba7 13. Ng3 d5 14. Qb3 Rb8 15.
Bd2 d4 16. Rad1 b5 17. cxd4 Nxd4 18. Nxd4 Bxd4 19. Nf5 Ba7 20. Qc2 c5 21. Be3
Rc8 22. Rc1 Rec6 23. a4 Qd7 24. axb5 axb5 25. Ra1 Kh7 26. Ra5 R6c7 27. Rea1 Bb6
28. Ra6 Rc6 29. Qb1 Ne8 30. b4 Nc7 31. R6a3 Ne6 32. Ra6 Nc7 33. R6a3 cxb4 34.
Qxb4 Bxe3 35. Nxe3 Ne6 36. Kh2 Nd4 37. Ra7 R6c7 38. Rxc7 Qxc7 39. Ra2 Qc3 40.
Qxc3 Rxc3 41. Ra7 Kg6 42. Nd5 1/2-1/2

[Event "2. Bundesliga Mitte 2016/2017"]
[Site "Leoben, Wolfsberg/Taufkirchen/Fuerstenfeld, Grieskirchen, St. Veit"]
[Date "2017.01.27"]
[Round "6"]
[Board "3"]
[White "Halvax, Georg"]
[Black "Knoll, Hermann"]
[Result "0-1"]
[WhiteElo "2429"]
[BlackElo "2329"]
[PlyCount "78"]
[EventDate "2016.10.07"]
[EventType "team"]
[EventRounds "11"]
[EventCountry "AUT"]
[WhiteTeam "SC MPOE Maria Saal 2"]
[BlackTeam "Union Ansfelden"]

1. Nf3 d5 2. g3 Nf6 3. Bg2 c6 4. O-O Bf5 5. b3 h6 6. Bb2 e6 7. c4 Be7 8. d3 O-O
9. Nbd2 Nbd7 10. Re1 Bh7 11. Rc1 a5 12. a3 Qb6 13. Qc2 Rfe8 14. e4 dxe4 15.
Nxe4 Nxe4 16. dxe4 Nc5 17. Re3 Rad8 18. h4 f6 19. Nd4 e5 20. Nf5 Bf8 21. g4 Ne6
22. Rg3 Bc5 23. Rf1 Rd7 24. Bc1 Bxf5 25. exf5 Nd4 26. Qd3 e4 27. Bxe4 Rde7 28.
Bf3 Rd8 29. Qb1 Ne2+ 30. Bxe2 Rxe2 31. Rg2 Qc7 32. Be3 Bxe3 33. fxe3 Rdd2 34.
Rxe2 Rxe2 35. Rf4 Rxe3 36. Qf1 Qe5 37. Kg2 Rxb3 38. c5 Qxc5 39. Qe1 Qe3 0-1